Formule 1 2021 Classement des Constructeurs - Statistiques

Statistiques générales
  • Ce quiz a été pris 313 fois
  • Le résultat moyen est 9 sur 10
Statistiques - réponses
Hint Réponse % Correct
3 Ferrari
100%
1 Mercedes
100%
2 Red Bull Racing
99%
4 McLaren
96%
5 Alpine
94%
6 AlphaTauri
90%
10 Haas
90%
8 Williams
88%
7 Aston Martin
85%
9 Alfa Romeo
77%
Aucun quiz correspondant
Distribution des résultats
% des personnes avec chaque résultat
Percentile par nombre de réponses
Votre historique - résultats
Vous n’avez pas pris ce quiz